00413nam a22001337a 450000500170000000800410001704100130005808200130007110000130008424500390009726000860013630000310022265000260025320240527080508.0240527b |||||||| |||| 00| 0 eng d aEnglish  a349 LAW  lEnglish  aThe Law Reports: Chancery Division aLondon: bThe Incorporated Council of Law Reporting for England and Wales, c1904 bxxxi, 877 pages; c25 cm.  aLegal practice bLaw